गुरूदेव (Record no. 3841)

MARC details
000 -LEADER
fixed length control field 01158 a2200253 4500
005 - DATE AND TIME OF LATEST TRANSACTION
control field 20080912113920.0
008 - FIXED-LENGTH DATA ELEMENTS--GENERAL INFORMATION
fixed length control field 080912t xxu||||| |||| 00| 0 hin d
010 ## - LIBRARY OF CONGRESS CONTROL NUMBER
LC control number HIN-79830
020 ## - INTERNATIONAL STANDARD BOOK NUMBER
Terms of availability 200.00
International Standard Book Number 8188140783
035 ## - SYSTEM CONTROL NUMBER
System control number HN-52176
037 ## - SOURCE OF ACQUISITION
Source of stock number/acquisition D.B.Act / pub
082 ## - DEWEY DECIMAL CLASSIFICATION NUMBER
Classification number
100 ## - MAIN ENTRY--PERSONAL NAME
Personal name जोशी, दिनकर
245 ## - TITLE STATEMENT
Title गुरूदेव
Statement of responsibility, etc दिनकर जोशी; अनुवादक केसरी सिंह खोना
246 ## - VARYING FORM OF TITLE
Title proper/short title Gurudev
Remainder of title by Dinkar Joshi
260 ## - PUBLICATION, DISTRIBUTION, ETC. (IMPRINT)
Place of publication, distribution, etc नई दिल्ली
Name of publisher, distributor, etc विद्या विहार
Date of publication, distribution, etc 2007
270 ## - ADDRESS
Address 1660 कूचा दखनीराय , दरियागंज
City नई दिल्ली
Postal code 110002
300 ## - PHYSICAL DESCRIPTION
Extent 183पृ.
Dimensions 22 सेमी (सजिल्द)
650 ## - SUBJECT ADDED ENTRY--TOPICAL TERM
Topical term or geographic name as entry element हिन्दी उपन्यास
650 ## - SUBJECT ADDED ENTRY--TOPICAL TERM
Topical term or geographic name as entry element Hindi Novel
700 ## - ADDED ENTRY--PERSONAL NAME
Personal name खोना, केसरी सिंह
942 ## - ADDED ENTRY ELEMENTS (KOHA)
Institution code [OBSOLETE] dpl
Koha item type Hindi Books
Call number prefix उ / जोशीदि
Source of classification or shelving scheme Dewey Decimal Classification
Classification part
Call number suffix जोशीदि
Holdings
Withdrawn status Lost status Damaged status Not for loan Home library Current library Date acquired Cost, normal purchase price Total Checkouts Full call number Barcode Date last seen Copy number Uniform Resource Identifier Cost, replacement price Price effective from Koha item type
        D.B.Act.Division D.B.Act.Division 12/09/2008 200.00   उ जोशीदि HN-52176 15/09/2008 1 4081 200.00 15/09/2008 Hindi Books

© Delhi Public Library
Hit Counter
free hit counter